Boundary elements : Theory and appilcations

שמור ב:
מידע ביבליוגרפי
מחבר ראשי: Katsikadelis, J. T.
פורמט: ספר
שפה:Undetermined
יצא לאור: Oxford, UK Elsevier Science 2002
נושאים:
תגים: הוספת תג
אין תגיות, היה/י הראשונ/ה לתייג את הרשומה!
Thư viện lưu trữ: Trung tâm Học liệu Trường Đại học Cần Thơ
LEADER 00596nam a2200217Ia 4500
001 CTU_128521
008 210402s9999 xx 000 0 und d
020 |c 1398750 
082 |a 620.00151535 
082 |b K19 
100 |a Katsikadelis, J. T. 
245 0 |a Boundary elements : 
245 0 |b Theory and appilcations 
245 0 |c J. T. Katsikadelis 
260 |a Oxford, UK 
260 |b Elsevier Science 
260 |c 2002 
650 |a Boundary element methods. 
904 |i Minh 
910 |a Sách kèm đĩa AV.005075 
980 |a Trung tâm Học liệu Trường Đại học Cần Thơ